Datum a čas kvízu
25.5
Celkem bodů
Celkový počet nahraných bodů na tomto kvízu bez doplňovacích otázek.
11.
Pořadí na kvízu
Konečné umístění týmu na tomto kvízu.
Zaznamenané odpovědi
| # | Otázka | Odpověď | Body | Výsledky |
|---|---|---|---|---|
| 1. | Ve středu jsme si prostřednict... | B) beze spěchu | 1 | |
| 2. | Americká novinářská asociace v... | Air Force One | 1 | |
| 3. | Švédská společnost Pophouse mi... | Kiss | 0 | |
| 4. | Minulý týden jsme se dozvěděli... | Portál občana | 0 | |
| 5. | Německý fotbalový svaz bude mu... | čísla 44 | 1 | |
| 6. | Zobrazený anglický lékař roku... | William Harvey | 0 | |
| 7. | Kterým slovem na M se označuje... | menarche/menarché | 0 | |
| 8. | Vyberte nepravdivé tvrzení: | B | 1 | |
| 9. | Za půl bodu napište, jak se na... | Alexej; hemofilie | 0.5 | |
| 10. | Někteří bezobratlí živočichové... | hemolymfa; krvomíza | 0 |